Legislative manual state of Nevada, fifty fifth session of the Nevada legislature 1969: Carson city (Record no. 488066)

000 -LEADER
fixed length control field 00387cam a22001097a 4500
008 - FIXED-LENGTH DATA ELEMENTS--GENERAL INFORMATION
fixed length control field 180718b1969 xxu||||| |||| 00| 0 eng d
082 ## - DEWEY DECIMAL CLASSIFICATION NUMBER
Classification number A85x793 N411
100 ## - MAIN ENTRY--PERSONAL NAME
Personal name United States. Nevada Legislative Council Bureau
245 ## - TITLE STATEMENT
Title Legislative manual state of Nevada, fifty fifth session of the Nevada legislature 1969: Carson city
260 ## - PUBLICATION, DISTRIBUTION, ETC.
Place of publication, distribution, etc. Carson City
Name of publisher, distributor, etc. The author
Date of publication, distribution, etc. 1969
300 ## - PHYSICAL DESCRIPTION
Extent 122p.
Holdings
Withdrawn status Lost status Damaged status Not for loan Permanent Location Current Location Date acquired Full call number Barcode Date last seen Price effective from Koha item type
        Indian Institute of Public Administration Indian Institute of Public Administration 2018-08-04 A85x793 N411 GG10641 2018-08-04 2018-08-04 GG

Powered by Koha